000 00759nam a2200241 a 4500
001 BRCA_6828
005 20190320205616.0
008 041111s1952----u--a######---#000-0#eng-#
041 _aeng
044 _au
050 4 _aSB409
_b.A44 1952
100 1 _aAmes, Oakes
_917025
245 1 0 _aOrchids of Guatemala
_cOakes Ames and Donovan Stewart Correll.
260 _aEstados Unidos
_bChicago Natural History Museum
_c1952-1953
300 _a2 v.
_bil.
_c25 cm.
440 0 _aFieldiana: Botany
_v26
_917026
500 _aI161
505 0 _aContenido: v.1. Número 1, agosto 29, 1952. -- v.2. Número 2, septiembre 25, 1953.
650 1 4 _aOrquídeas
_zGuatemala
_917027
700 1 _aCorrell, Donovan Stewart
_ecoaut.
_917028
902 _aGFM
942 _2lcc
_cB
999 _c6511
_d6511